Southville International School and Colleges
Your cart is empty.
  • Cart
  • Lists
    Public lists Eva Luna New books Lux_list list_1
    Your lists Log in to create your own lists
  • Log in to your account
  • Your cookies
  • Search history
Southville International School and Colleges
  • Advanced search
  • Recent comments
  • Most popular
  • Libraries

Log in to your account

Log in with GOOGLE


If you do not have an external account, but do have a local account, you can still log in:

  1. Home
  2. MARC view: Personality disorders and the five-factor model of personality /
Normal view MARC view ISBD view

Personality disorders and the five-factor model of personality / (Record no. 25758)

[ view plain ]
MARC details
000 -LEADER
fixed length control field 00832nam a22002417a 4500
005 - DATE AND TIME OF LATEST TRANSACTION
control field 20140310183638.0
008 - FIXED-LENGTH DATA ELEMENTS--GENERAL INFORMATION
fixed length control field 131212b xxu||||| |||| 00| 0 eng d
020 ## - INTERNATIONAL STANDARD BOOK NUMBER
International Standard Book Number 9781433811661
050 ## - LIBRARY OF CONGRESS CALL NUMBER
Classification number RC 554
Item number .P467 2013
245 ## - TITLE STATEMENT
Title Personality disorders and the five-factor model of personality /
Statement of responsibility, etc edited by Thomas A. Widiger, Paul T. Costa
250 ## - EDITION STATEMENT
Edition statement 3rd ed.
260 ## - PUBLICATION, DISTRIBUTION, ETC. (IMPRINT)
Place of publication, distribution, etc Washington, DC :
Name of publisher, distributor, etc American Psychological Association,
Date of publication, distribution, etc 2013.
300 ## - PHYSICAL DESCRIPTION
Extent xii, 468 p. :
Other physical details ill. ;
Dimensions 29 cm.
504 ## - BIBLIOGRAPHY, ETC. NOTE
Bibliography, etc Includes Bibliographic References and Index.
521 ## - TARGET AUDIENCE NOTE
Target audience note
650 ## - SUBJECT ADDED ENTRY--TOPICAL TERM
Topical term or geographic name as entry element Personality disorders.
650 ## - SUBJECT ADDED ENTRY--TOPICAL TERM
Topical term or geographic name as entry element NEO Five-Factor Inventory.
650 ## - SUBJECT ADDED ENTRY--TOPICAL TERM
Topical term or geographic name as entry element Personality Disorders
General subdivision classification.
700 ## - ADDED ENTRY--PERSONAL NAME
Personal name Widiger, Thomas A.
700 ## - ADDED ENTRY--PERSONAL NAME
Personal name Costa, Paul T. Jr.
Relator term editor.
942 ## - ADDED ENTRY ELEMENTS (KOHA)
Source of classification or shelving scheme Library of Congress Classification
Koha item type Books
Call number prefix Foreign
Holdings
Withdrawn status Lost status Source of classification or shelving scheme Damaged status Home library Current library Shelving location Date acquired Total Checkouts Full call number Barcode Date last seen Date checked out Copy number Price effective from Koha item type
    Library of Congress Classification   College Library College Library Reserve Section 12/12/2013 3 RC 554 .P467 2013 C17201 05/15/2018 06/27/2017 1 12/12/2013 Books

Personality disorders and the five-factor model of personality /

APA

Widiger T. A., Costa P. T. J., . (2013). Personality disorders and the five-factor model of personality. Washington, DC: American Psychological Association.

Chicago

Widiger Thomas A, Costa Paul T Jr, . 2013. Personality disorders and the five-factor model of personality. Washington, DC: American Psychological Association.

Harvard

Widiger T. A., Costa P. T. J., . (2013). Personality disorders and the five-factor model of personality. Washington, DC: American Psychological Association.

MLA

Widiger Thomas A, Costa Paul T Jr, . Personality disorders and the five-factor model of personality. Washington, DC: American Psychological Association. 2013.

  • Place hold
  • Print
  • Cite
  • Add to your cart (remove)
  • Save record
    BIBTEX Dublin Core MARCXML MARC (non-Unicode/MARC-8) MARC (Unicode/UTF-8) MARC (Unicode/UTF-8, Standard) MODS (XML) RIS
  • More searches
    Search for this title in:
    Other Libraries (WorldCat) Other Databases (Google Scholar) Online Stores (Bookfinder.com) Open Library (openlibrary.org)

Exporting to Dublin Core...

SOUTHVILLE LIBRARY

Southville International School and Colleges Library

1281 Tropical Ave. Cor. Luxembourg St., BF Homes International, Las Pinas City

Tel. No. 8256374 / 252358 Loc. 117/146

Powered by Koha